al-Mūjaz fī al-naḥw. (Record no. 48896)

MARC details
000 -LEADER
fixed length control field 01012cam a22002411 4500
001 - CONTROL NUMBER
control field ne 66000928
003 - CONTROL NUMBER IDENTIFIER
control field DLC
005 - DATE AND TIME OF LATEST TRANSACTION
control field 20260227111823.0
008 - FIXED-LENGTH DATA ELEMENTS--GENERAL INFORMATION
fixed length control field 811217s1965 le h b 000 0 ararc
010 ## - LIBRARY OF CONGRESS CONTROL NUMBER
LC control number ne 66000928
035 ## - SYSTEM CONTROL NUMBER
System control number (OCoLC)8004689
040 ## - CATALOGING SOURCE
Original cataloging agency Princeton Univ. Libr.
Transcribing agency TU
Modifying agency TU
-- DLC
042 ## - AUTHENTICATION CODE
Authentication code premarc
050 00 - LIBRARY OF CONGRESS CALL NUMBER
Classification number PJ6101
Item number .I26 1965
100 2# - MAIN ENTRY--PERSONAL NAME
Personal name Ibn al-Sarrāj, Muḥammad ibn al-Sarī,
Dates associated with a name -929.
245 13 - TITLE STATEMENT
Title al-Mūjaz fī al-naḥw.
Statement of responsibility, etc. [allafahu] Abū Bakr Muḥammad ibn al-Sarrāj. Haqqaqahu wa-qaddama lahu Muṣtafā al-Shwīmī [wa] Ibn Sālim Dāmirjī.
260 ## - PUBLICATION, DISTRIBUTION, ETC.
Place of publication, distribution, etc. Bayrūt,
Name of publisher, distributor, etc. Muʼassasat A. Badrān lil-ṭibāʻah wa-al-nashr
Date of publication, distribution, etc. [1965]
300 ## - PHYSICAL DESCRIPTION
Extent 266 p.
Other physical details facsims.
Dimensions 25 cm.
490 0# - SERIES STATEMENT
Series statement al-Maktabah al-lughawīyah al-ʻArabīyah,
Volume/sequential designation 2
500 ## - GENERAL NOTE
General note Added t. p.: al-Mûǧaz fī n-naḥw; traité de grammaire arabe. [Par] Ion as-Sarâǧ. Édité par Moustafa el-Chouémī [et] Bensalem Damerdji.
504 ## - BIBLIOGRAPHY, ETC. NOTE
Bibliography, etc. note Bibliography: p. 18-21.
650 #0 - SUBJECT ADDED ENTRY--TOPICAL TERM
Topical term or geographic name entry element Arabic language
General subdivision Grammar.

No items available.

Powered by Koha